Pediatric and Adolescent Oncofertility Best Practices and Emerging Technologies /

Reflecting the increasing interest in fertility management for pediatric and adolescent patients and fulfilling an urgent need to have a comprehensive guide to the management of these individuals, this is the first book of its kind to present a comprehensive discussion of pediatric and adolescent on...

Πλήρης περιγραφή

Λεπτομέρειες βιβλιογραφικής εγγραφής
Συγγραφή απο Οργανισμό/Αρχή: SpringerLink (Online service)
Άλλοι συγγραφείς: Woodruff, Teresa K. (Επιμελητής έκδοσης), Gosiengfiao, Yasmin C. (Επιμελητής έκδοσης)
Μορφή: Ηλεκτρονική πηγή Ηλ. βιβλίο
Γλώσσα:English
Έκδοση: Cham : Springer International Publishing : Imprint: Springer, 2017.
Θέματα:
Διαθέσιμο Online:Full Text via HEAL-Link
LEADER 03850nam a22004935i 4500
001 978-3-319-32973-4
003 DE-He213
005 20170118141937.0
007 cr nn 008mamaa
008 170118s2017 gw | s |||| 0|eng d
020 |a 9783319329734  |9 978-3-319-32973-4 
024 7 |a 10.1007/978-3-319-32973-4  |2 doi 
040 |d GrThAP 
050 4 |a RG133.5 
072 7 |a MFKC  |2 bicssc 
072 7 |a HEA039060  |2 bisacsh 
082 0 4 |a 612.6  |2 23 
245 1 0 |a Pediatric and Adolescent Oncofertility  |h [electronic resource] :  |b Best Practices and Emerging Technologies /  |c edited by Teresa K. Woodruff, Yasmin C. Gosiengfiao. 
264 1 |a Cham :  |b Springer International Publishing :  |b Imprint: Springer,  |c 2017. 
300 |a XIV, 303 p. 26 illus., 16 illus. in color.  |b online resource. 
336 |a text  |b txt  |2 rdacontent 
337 |a computer  |b c  |2 rdamedia 
338 |a online resource  |b cr  |2 rdacarrier 
347 |a text file  |b PDF  |2 rda 
505 0 |a Pediatric Cancer and Fertility Concerns -- The Endocrine Impact of Cancer Therapy -- Fertility Risk with Cancer Therapy -- Female Fertility Preservation Options -- Male Fertility Preservation Options -- Research Advances in Male Fertility Preservation -- Research Advances in Female Fertility Preservation: Cryopreservation.- Research Advances in Female Fertility Preservation: The Female Follicle.- Contraception and Cancer Therapy.- Male Sexuality after Cancer Therapy -- Female Sexuality after Cancer Therapy.- Fertility Preservation in Patients with Disorders of Sexual Difference -- Fertility Preservation in Patients with Gender Dysphoria.- Fertility in Thalassemia Patients.- Setting up a Pediatric Oncofertility Practice -- Counseling and Consenting for Fertility Preservation.- The Importance of Disclosure -- Insurance Coverage for Fertility Preservation -- Using Big Data to Track Fertility Preservation: Australia's Example. 
520 |a Reflecting the increasing interest in fertility management for pediatric and adolescent patients and fulfilling an urgent need to have a comprehensive guide to the management of these individuals, this is the first book of its kind to present a comprehensive discussion of pediatric and adolescent oncofertility. It carefully examines the impact of pediatric cancer and cancer therapy on fertility and presents both current and emerging fertility preservation techniques for both males and females, such as cryopreservation. Fertility concerns beyond cancer are also discussed, including disorders of sexual differentiation, gender dysphoria and thalassemia. Practical chapters on pediatric oncofertility in the clinic round out the book, covering setting up a practice, counseling and consent, disclosure and insurance considerations. Concluding chapters document fertility preservation techniques and outcomes internationally, with contributions from Portuguese, Brazilian and Japanese authors. Timely and wide-ranging, Pediatric and Adolescent Oncofertility is an ideal resource for reproductive medicine specialists, pediatric oncologists, and primary care physicians treating pediatric and adolescent cancer patients looking to protect fertility options. 
650 0 |a Medicine. 
650 0 |a Endocrinology. 
650 0 |a Oncology. 
650 0 |a Pediatrics. 
650 0 |a Reproductive medicine. 
650 1 4 |a Medicine & Public Health. 
650 2 4 |a Reproductive Medicine. 
650 2 4 |a Pediatrics. 
650 2 4 |a Endocrinology. 
650 2 4 |a Oncology. 
700 1 |a Woodruff, Teresa K.  |e editor. 
700 1 |a Gosiengfiao, Yasmin C.  |e editor. 
710 2 |a SpringerLink (Online service) 
773 0 |t Springer eBooks 
776 0 8 |i Printed edition:  |z 9783319329710 
856 4 0 |u http://dx.doi.org/10.1007/978-3-319-32973-4  |z Full Text via HEAL-Link 
912 |a ZDB-2-SME 
950 |a Medicine (Springer-11650)